Snooker Ball Colours - Statistics

General Stats
  • This quiz has been taken 1,761 times
  • The average score is 8 of 8
Answer Stats
Hint Answer % Correct
1 point Red
99%
Cue ball White
99%
3 points Green
98%
2 points Yellow
98%
5 points Blue
97%
7 points Black
96%
4 points Brown
96%
6 points Pink
96%
No matching quizzes found
Score Distribution
Percent of People with Each Score
Percentile by Number Answered
Your Score History
You have not taken this quiz